000
00359nam a2200145Ia 4500
008
231129s2007||||xx |||||||||||||| ||spa||
020
_a
978-958-42-1750-9
040
_b
spa
082
_a
Co863.6 G192i
100
_a
Gamboa Santiago
245
0
_a
Los impostores
260
_c
2007
264
_a
Planeta
942
_2
ddc
_c
BKS
999
_c
19751
_d
19751